[Event "Open Gonfreville (2)"]
[Site "?"]
[Date "1999.??.??"]
[Round "?"]
[White "Mabire, M."]
[Black "Medghoul, S."]
[Result "0-1"]
[WhiteElo "1760"]
[BlackElo "2057"]
[PlyCount "64"]

1. e4 d5 2. exd5 Qxd5 3. Nc3 Qd6 4. d4 Nf6 5. Bc4 a6 6. a4 e6 7. Nge2 b6 8. Bf4
Qb4 9. b3 Ne4 10. Qd3 Nxc3 11. Nxc3 Qa5 12. O-O Bd6 13. Qf3 Ra7 14. Nb5 axb5
15. Bxd6 cxd6 16. axb5 Qxa1 17. Rxa1 Rxa1+ 18. Bf1 O-O 19. Qc3 Ra7 20. Qg3 Rd8
21. h3 Re7 22. Bd3 Ree8 23. c4 e5 24. dxe5 dxe5 25. Qe3 Rd4 26. h4 Be6 27. f4
Red8 28. fxe5 Rxd3 29. Qxb6 Rd2 30. c5 Bf5 31. Qb7 Bh3 32. gxh3 Rc2 0-1

[Event "Open International de Gonfreville (5)"]
[Site "?"]
[Date "1999.04.09"]
[Round "?"]
[White "Degraeve J, France"]
[Black "Georgiev K, France"]
[Result "1-0"]
[WhiteElo "2536"]
[BlackElo "2490"]
[PlyCount "45"]

1. e4 c5 2. Nf3 d6 3. d4 cxd4 4. Nxd4 Nf6 5. Nc3 e6 6. g4 a6 7. g5 Nfd7 8. Be3
b5 9. a3 Bb7 10. Qg4 Be7 11. O-O-O Nc6 12. f4 Rc8 13. Rg1 Qa5 14. Qh3 Nc5 15.
g6 b4 16. gxf7+ Kxf7 17. Bc4 bxa3 18. Nxe6 axb2+ 19. Kxb2 Qb4+ 20. Bb3 Nxb3 21.
Rxg7+ Ke8 22. Nd5 Qxe4 23. Qh5+ 1-0

[Event "Open international de Gonfreville"]
[Site "?"]
[Date "1999.04.09"]
[Round "5"]
[White "Kosakov, Le Mans"]
[Black "Lebourhis, Bihorel"]
[Result "1-0"]
[WhiteElo "2420"]
[BlackElo "2073"]
[PlyCount "64"]

1. e4 c5 2. Nf3 d6 3. d4 cxd4 4. Nxd4 Nf6 5. Nc3 a6 6. Be3 e5 7. Nb3 Be6 8. f3
Be7 9. Qd2 O-O 10. O-O-O Nbd7 11. g4 Nb6 12. Kb1 Rc8 13. h4 Bc4 14. Bxc4 Rxc4
15. g5 Ne8 16. Bxb6 Qxb6 17. h5 Rc8 18. Nd5 Qd8 19. Rdg1 f5 20. gxf6 Bxf6 21.
Rg2 Nc7 22. Na5 Rb8 23. Nc4 Kh8 24. Nxc7 Qxc7 25. Ne3 Rfd8 26. Rhg1 Rd7 27. f4
d5 28. exd5 e4 29. f5 Qe5 30. Qb4 Re8 31. Rg4 a5 32. Qb5 Rxd5 1-0

[Event "Open international de Gonfreville"]
[Site "?"]
[Date "1999.04.09"]
[Round "5"]
[White "Peric , Yougoslavie"]
[Black "Medghoul, Maromme"]
[Result "1-0"]
[WhiteElo "2300"]
[BlackElo "205"]
[PlyCount "84"]

1. d4 Nf6 2. Nf3 e6 3. e3 c5 4. Bd3 Qc7 5. c4 d5 6. Nc3 cxd4 7. exd4 dxc4 8.
Be2 Be7 9. Bg5 O-O 10. O-O a6 11. a4 Rd8 12. Rc1 Nc6 13. Be3 e5 14. d5 Na5 15.
Bg5 Nb3 16. Bxf6 Bxf6 17. Ne4 Nxc1 18. Nxf6+ gxf6 19. Qxc1 Rxd5 20. Qh6 Rd6 21.
Rc1 b5 22. Nh4 Qe7 23. Rc3 f5 24. Rg3+ Rg6 25. Nxg6 fxg6 26. h4 f4 27. Rg5 Bf5
28. Bg4 Qf8 29. Qxf8+ Rxf8 30. Bxf5 Rxf5 31. Rg4 Kf7 32. h5 Rxh5 33. g3 Rf5 34.
axb5 axb5 35. Rh4 h5 36. Kg2 Ke6 37. Rh1 Kd5 38. Rd1+ Kc5 39. Kf3 fxg3+ 40.
Kxg3 Kb4 41. Re1 Kb3 42. Re2 b4 1-0

[Event "Open international de Gonfreville"]
[Site "?"]
[Date "1999.04.09"]
[Round "5"]
[White "Coursaget N , Caen Al"]
[Black "Adyel S, Rouen"]
[Result "1-0"]
[WhiteElo "2239"]
[BlackElo "2109"]
[PlyCount "63"]

1. d4 Nf6 2. c4 c5 3. d5 b5 4. cxb5 a6 5. Nc3 axb5 6. e4 b4 7. Nb5 d6 8. f3 g6
9. h4 Bg7 10. Ne2 Ra5 11. a4 Nbd7 12. g4 Ne5 13. Ng3 h5 14. g5 Nfd7 15. Be2 Nb6
16. f4 Ng4 17. O-O Bd7 18. e5 O-O 19. exd6 exd6 20. f5 Bxb5 21. Bxb5 Bd4+ 22.
Kg2 Nxd5 23. Qd3 Qa8 24. Kh3 Ne5 25. Qe2 Ne7 26. Bd3 Nxd3 27. Qxd3 Qa6 28. Qf3
Qa8 29. Ne4 Re8 30. fxg6 f5 31. Qxh5 Bg7 32. Nf6+ 1-0

[Event "Open international de Gonfreville"]
[Site "?"]
[Date "1999.04.09"]
[Round "5"]
[White "Buland C, Gonfreville"]
[Black "Redon CL, Rouen"]
[Result "1-0"]
[WhiteElo "1490"]
[BlackElo "1890"]
[PlyCount "71"]

1. e4 c5 2. Nf3 Nc6 3. Bc4 e6 4. d3 a6 5. Be3 b5 6. Bb3 d5 7. c3 Nf6 8. O-O
dxe4 9. dxe4 Qxd1 10. Rxd1 Nxe4 11. Nbd2 Nf6 12. a4 Bb7 13. Bf4 Rd8 14. Bc7 Rd7
15. Bg3 Be7 16. axb5 axb5 17. c4 b4 18. Ba4 O-O 19. Bxc6 Bxc6 20. Ne5 Rd6 21.
Ra6 Bb7 22. Ra7 Rb6 23. Bh4 Rd8 24. Bg3 Bd6 25. Ndf3 Ne4 26. Ng4 Nxg3 27. hxg3
Be7 28. Rxd8+ Bxd8 29. Ra5 Rc6 30. Rb5 Ba6 31. Rb8 Rc8 32. Rxc8 Bxc8 33. Nge5
f6 34. Nc6 Ba6 35. Nxd8 Bxc4 36. Nb7 1-0